A few days in the people's republic of China (Record no. 515028)
[ view plain ]
| 000 -LEADER | |
|---|---|
| fixed length control field | 00270nam a2200097 4500 |
| 082 ## - DEWEY DECIMAL CLASSIFICATION NUMBER | |
| Classification number | TNC T19x51 B314 |
| 100 ## - MAIN ENTRY--PERSONAL NAME | |
| Personal name | Batcha, L.Kamal |
| 9 (RLIN) | 20104 |
| 245 ## - TITLE STATEMENT | |
| Title | A few days in the people's republic of China |
| 260 ## - PUBLICATION, DISTRIBUTION, ETC. (IMPRINT) | |
| Place of publication, distribution, etc | Thanjavur |
| Name of publisher, distributor, etc | Cresent Moon Publications |
| Date of publication, distribution, etc | 2002 |
| 300 ## - PHYSICAL DESCRIPTION | |
| Extent | 168p. |
| Withdrawn status | Lost status | Source of classification or shelving scheme | Damaged status | Koha normalized classification for sorting | Not for loan | Permanent location | Current location | Date acquired | Full call number | Barcode | Date last seen | Price effective from | Koha item type |
|---|---|---|---|---|---|---|---|---|---|---|---|---|---|
| TNC_T19X51_B314 | Indian Institute of Public Administration | Indian Institute of Public Administration | 2021-01-08 | TNC T19x51 B314 | GR22113 | 2021-01-08 | 2021-01-08 | GR |
